<?xml version="1.0" encoding="UTF-8"?>
<record
    xmlns:xsi="http://www.w3.org/2001/XMLSchema-instance"
    xsi:schemaLocation="http://www.loc.gov/MARC21/slim http://www.loc.gov/standards/marcxml/schema/MARC21slim.xsd"
    xmlns="http://www.loc.gov/MARC21/slim">

  <leader>03459nam a2200265   4500</leader>
  <controlfield tag="003">NALT</controlfield>
  <controlfield tag="005">20250716145326.0</controlfield>
  <controlfield tag="008">250623b        th ||||| |||| 00| 0 tha d</controlfield>
  <datafield tag="020" ind1=" " ind2=" ">
    <subfield code="a">9786166233377</subfield>
  </datafield>
  <datafield tag="040" ind1=" " ind2=" ">
    <subfield code="a">NALT</subfield>
  </datafield>
  <datafield tag="050" ind1=" " ind2=" ">
    <subfield code="a">H 97</subfield>
    <subfield code="b">&#xE19;169&#xE01; 2568</subfield>
  </datafield>
  <datafield tag="100" ind1="0" ind2=" ">
    <subfield code="a">&#xE19;&#xE1E;&#xE14;&#xE25; &#xE2D;&#xE38;&#xE14;&#xE21;&#xE27;&#xE34;&#xE28;&#xE27;&#xE01;&#xE38;&#xE25;.</subfield>
    <subfield code="9">37291</subfield>
  </datafield>
  <datafield tag="245" ind1="1" ind2="0">
    <subfield code="a">&#xE01;&#xE32;&#xE23;&#xE08;&#xE31;&#xE14;&#xE17;&#xE33;&#xE19;&#xE42;&#xE22;&#xE1A;&#xE32;&#xE22;&#xE2A;&#xE32;&#xE18;&#xE32;&#xE23;&#xE13;&#xE30;&#xE41;&#xE25;&#xE30;&#xE01;&#xE32;&#xE23;&#xE08;&#xE31;&#xE14;&#xE17;&#xE33;&#xE22;&#xE38;&#xE17;&#xE18;&#xE28;&#xE32;&#xE2A;&#xE15;&#xE23;&#xE4C;&#xE02;&#xE2D;&#xE07;&#xE2D;&#xE07;&#xE04;&#xE4C;&#xE01;&#xE32;&#xE23;&#xE2A;&#xE32;&#xE18;&#xE32;&#xE23;&#xE13;&#xE30; =</subfield>
    <subfield code="b">Public policy making and public organization strategy making /</subfield>
    <subfield code="c">&#xE19;&#xE1E;&#xE14;&#xE25; &#xE2D;&#xE38;&#xE14;&#xE21;&#xE27;&#xE34;&#xE28;&#xE27;&#xE01;&#xE38;&#xE25;.</subfield>
  </datafield>
  <datafield tag="250" ind1=" " ind2=" ">
    <subfield code="a">&#xE1E;&#xE34;&#xE21;&#xE1E;&#xE4C;&#xE04;&#xE23;&#xE31;&#xE49;&#xE07;&#xE17;&#xE35;&#xE48; 1.</subfield>
  </datafield>
  <datafield tag="260" ind1=" " ind2=" ">
    <subfield code="a">&#xE19;&#xE19;&#xE17;&#xE1A;&#xE38;&#xE23;&#xE35; : </subfield>
    <subfield code="b">&#xE42;&#xE23;&#xE07;&#xE1E;&#xE34;&#xE21;&#xE1E;&#xE4C;&#xE21;&#xE2B;&#xE32;&#xE27;&#xE34;&#xE17;&#xE22;&#xE32;&#xE25;&#xE31;&#xE22;&#xE2A;&#xE38;&#xE42;&#xE02;&#xE17;&#xE31;&#xE22;&#xE18;&#xE23;&#xE23;&#xE21;&#xE32;&#xE18;&#xE34;&#xE23;&#xE32;&#xE0A;,</subfield>
    <subfield code="c">2568.</subfield>
  </datafield>
  <datafield tag="300" ind1=" " ind2=" ">
    <subfield code="a">314 &#xE2B;&#xE19;&#xE49;&#xE32; :</subfield>
    <subfield code="b">&#xE20;&#xE32;&#xE1E;&#xE1B;&#xE23;&#xE30;&#xE01;&#xE2D;&#xE1A;, &#xE15;&#xE32;&#xE23;&#xE32;&#xE07; ;</subfield>
    <subfield code="c">26 &#xE0B;&#xE21;. </subfield>
  </datafield>
  <datafield tag="505" ind1="2" ind2=" ">
    <subfield code="a">&#xE1A;&#xE17;&#xE17;&#xE35;&#xE48; 1 &#xE08;&#xE38;&#xE14;&#xE01;&#xE33;&#xE40;&#xE19;&#xE34;&#xE14;&#xE02;&#xE2D;&#xE07;&#xE01;&#xE32;&#xE23;&#xE08;&#xE31;&#xE14;&#xE17;&#xE33;&#xE19;&#xE42;&#xE22;&#xE1A;&#xE32;&#xE22;&#xE2A;&#xE32;&#xE18;&#xE32;&#xE23;&#xE13;&#xE30; (Origin of public policy making) -- &#xE1A;&#xE17;&#xE17;&#xE35;&#xE48; 2 &#xE17;&#xE34;&#xE28;&#xE17;&#xE32;&#xE07;&#xE02;&#xE2D;&#xE07;&#xE01;&#xE32;&#xE23;&#xE08;&#xE31;&#xE14;&#xE17;&#xE33;&#xE19;&#xE42;&#xE22;&#xE1A;&#xE32;&#xE22;&#xE2A;&#xE32;&#xE18;&#xE32;&#xE23;&#xE13;&#xE30; (Direction of public policy making) -- &#xE1A;&#xE17;&#xE17;&#xE35;&#xE48; 3 &#xE1B;&#xE10;&#xE21;&#xE1A;&#xE17;&#xE02;&#xE2D;&#xE07;&#xE15;&#xE31;&#xE27;&#xE41;&#xE1A;&#xE1A;&#xE01;&#xE32;&#xE23;&#xE08;&#xE31;&#xE14;&#xE17;&#xE33;&#xE19;&#xE42;&#xE22;&#xE1A;&#xE32;&#xE22;&#xE2A;&#xE32;&#xE18;&#xE32;&#xE23;&#xE13;&#xE30; (Model prime of public policy making) -- &#xE1A;&#xE17;&#xE17;&#xE35;&#xE48; 4 &#xE01;&#xE32;&#xE23;&#xE15;&#xE48;&#xE2D;&#xE22;&#xE2D;&#xE14;&#xE02;&#xE2D;&#xE07;&#xE15;&#xE31;&#xE27;&#xE41;&#xE1A;&#xE1A;&#xE01;&#xE32;&#xE23;&#xE08;&#xE31;&#xE14;&#xE17;&#xE33;&#xE19;&#xE42;&#xE22;&#xE1A;&#xE32;&#xE22;&#xE2A;&#xE32;&#xE18;&#xE32;&#xE23;&#xE13;&#xE30; (Model Extension of public policy making) -- &#xE1A;&#xE17;&#xE17;&#xE35;&#xE48; 5 &#xE01;&#xE32;&#xE23;&#xE08;&#xE31;&#xE14;&#xE17;&#xE33;&#xE19;&#xE42;&#xE22;&#xE1A;&#xE32;&#xE22;&#xE2A;&#xE32;&#xE18;&#xE32;&#xE23;&#xE13;&#xE30;&#xE20;&#xE32;&#xE22;&#xE43;&#xE15;&#xE49;&#xE2A;&#xE16;&#xE32;&#xE19;&#xE01;&#xE32;&#xE23;&#xE13;&#xE4C;&#xE01;&#xE32;&#xE23;&#xE41;&#xE02;&#xE48;&#xE07;&#xE02;&#xE31;&#xE19; (Public policy making under competitive circumstance) -- &#xE1A;&#xE17;&#xE17;&#xE35;&#xE48; 6 &#xE08;&#xE38;&#xE14;&#xE01;&#xE33;&#xE40;&#xE19;&#xE34;&#xE14;&#xE02;&#xE2D;&#xE07;&#xE01;&#xE32;&#xE23;&#xE08;&#xE31;&#xE14;&#xE17;&#xE33;&#xE22;&#xE38;&#xE17;&#xE18;&#xE28;&#xE32;&#xE2A;&#xE15;&#xE23;&#xE4C;&#xE02;&#xE2D;&#xE07;&#xE2D;&#xE07;&#xE04;&#xE4C;&#xE01;&#xE32;&#xE23;&#xE2A;&#xE32;&#xE18;&#xE32;&#xE23;&#xE13;&#xE30; (The origin of public organization strategy making) -- &#xE1A;&#xE17;&#xE17;&#xE35;&#xE48; 7 &#xE1A;&#xE23;&#xE34;&#xE1A;&#xE17;&#xE02;&#xE2D;&#xE07;&#xE01;&#xE32;&#xE23;&#xE08;&#xE31;&#xE14;&#xE17;&#xE33;&#xE22;&#xE38;&#xE17;&#xE18;&#xE28;&#xE32;&#xE2A;&#xE15;&#xE23;&#xE4C;&#xE02;&#xE2D;&#xE07;&#xE2D;&#xE07;&#xE04;&#xE4C;&#xE01;&#xE32;&#xE23;&#xE2A;&#xE32;&#xE18;&#xE32;&#xE23;&#xE13;&#xE30; (Context of public organization strategy making) -- &#xE1A;&#xE17;&#xE17;&#xE35;&#xE48; 8 &#xE01;&#xE32;&#xE23;&#xE27;&#xE34;&#xE40;&#xE04;&#xE23;&#xE32;&#xE30;&#xE2B;&#xE4C;&#xE2A;&#xE33;&#xE2B;&#xE23;&#xE31;&#xE1A;&#xE22;&#xE38;&#xE17;&#xE18;&#xE28;&#xE32;&#xE2A;&#xE15;&#xE23;&#xE4C;&#xE02;&#xE2D;&#xE07;&#xE2D;&#xE07;&#xE04;&#xE4C;&#xE01;&#xE32;&#xE23;&#xE2A;&#xE32;&#xE18;&#xE32;&#xE23;&#xE13;&#xE30;&#xE20;&#xE32;&#xE22;&#xE43;&#xE15;&#xE49;&#xE2A;&#xE16;&#xE32;&#xE19;&#xE01;&#xE32;&#xE23;&#xE13;&#xE4C;&#xE01;&#xE32;&#xE23;&#xE41;&#xE02;&#xE48;&#xE07;&#xE02;&#xE31;&#xE19; (Analysis for public organization strategy under competitive situation) -- &#xE1A;&#xE17;&#xE17;&#xE35;&#xE48; 9 &#xE01;&#xE32;&#xE23;&#xE08;&#xE31;&#xE14;&#xE17;&#xE33;&#xE22;&#xE38;&#xE17;&#xE18;&#xE28;&#xE32;&#xE2A;&#xE15;&#xE23;&#xE4C;&#xE02;&#xE2D;&#xE07;&#xE2D;&#xE07;&#xE04;&#xE4C;&#xE01;&#xE32;&#xE23;&#xE2A;&#xE32;&#xE18;&#xE32;&#xE23;&#xE13;&#xE30;&#xE20;&#xE32;&#xE22;&#xE43;&#xE15;&#xE49;&#xE2A;&#xE16;&#xE32;&#xE19;&#xE01;&#xE32;&#xE23;&#xE13;&#xE4C;&#xE01;&#xE32;&#xE23;&#xE41;&#xE02;&#xE48;&#xE07;&#xE02;&#xE31;&#xE19; (Public organization strategy making under competitive situation) -- &#xE1A;&#xE17;&#xE17;&#xE35;&#xE48; 10 &#xE1A;&#xE17;&#xE40;&#xE23;&#xE35;&#xE22;&#xE19;&#xE08;&#xE32;&#xE01;&#xE01;&#xE32;&#xE23;&#xE08;&#xE31;&#xE14;&#xE17;&#xE33;&#xE19;&#xE42;&#xE22;&#xE1A;&#xE32;&#xE22;&#xE2A;&#xE32;&#xE18;&#xE32;&#xE23;&#xE13;&#xE30;&#xE41;&#xE25;&#xE30;&#xE01;&#xE32;&#xE23;&#xE08;&#xE31;&#xE14;&#xE17;&#xE33;&#xE22;&#xE38;&#xE17;&#xE18;&#xE28;&#xE32;&#xE2A;&#xE15;&#xE23;&#xE4C;&#xE02;&#xE2D;&#xE07;&#xE2D;&#xE07;&#xE04;&#xE4C;&#xE01;&#xE32;&#xE23;&#xE2A;&#xE32;&#xE18;&#xE32;&#xE23;&#xE13;&#xE30; (Lesson from policy making and public organization strategy making).</subfield>
  </datafield>
  <datafield tag="650" ind1=" " ind2="4">
    <subfield code="a">&#xE19;&#xE42;&#xE22;&#xE1A;&#xE32;&#xE22;&#xE2A;&#xE32;&#xE18;&#xE32;&#xE23;&#xE13;&#xE30;</subfield>
    <subfield code="9">284</subfield>
  </datafield>
  <datafield tag="650" ind1=" " ind2="4">
    <subfield code="a">&#xE2D;&#xE07;&#xE04;&#xE4C;&#xE01;&#xE23;&#xE2A;&#xE32;&#xE18;&#xE32;&#xE23;&#xE13;&#xE30;</subfield>
    <subfield code="x">&#xE41;&#xE07;&#xE48;&#xE22;&#xE38;&#xE17;&#xE18;&#xE28;&#xE32;&#xE2A;&#xE15;&#xE23;&#xE4C;</subfield>
    <subfield code="9">66293</subfield>
  </datafield>
  <datafield tag="942" ind1=" " ind2=" ">
    <subfield code="2">lcc</subfield>
    <subfield code="c">GB</subfield>
  </datafield>
  <datafield tag="996" ind1=" " ind2=" ">
    <subfield code="a">jidapa.t</subfield>
    <subfield code="b">ACQSTF</subfield>
    <subfield code="c">2025-06-23</subfield>
  </datafield>
  <datafield tag="996" ind1=" " ind2=" ">
    <subfield code="a">varee.k</subfield>
    <subfield code="b">LIBSTF</subfield>
    <subfield code="c">2025-06-25</subfield>
  </datafield>
  <datafield tag="996" ind1=" " ind2=" ">
    <subfield code="a">saiphon.d</subfield>
    <subfield code="b">CATSTF	</subfield>
    <subfield code="c">2025-07-16</subfield>
  </datafield>
  <datafield tag="999" ind1=" " ind2=" ">
    <subfield code="c">106946</subfield>
    <subfield code="d">106946</subfield>
  </datafield>
  <datafield tag="998" ind1=" " ind2=" ">
    <subfield code="j">104</subfield>
    <subfield code="k"> &#xE19;&#xE32;&#xE07;&#xE2A;&#xE32;&#xE27;&#xE2A;&#xE32;&#xE22;&#xE1D;&#xE19;  &#xE14;&#xE35;&#xE07;&#xE32;&#xE21;</subfield>
  </datafield>
  <datafield tag="952" ind1=" " ind2=" ">
    <subfield code="0">0</subfield>
    <subfield code="1">0</subfield>
    <subfield code="2">lcc</subfield>
    <subfield code="4">0</subfield>
    <subfield code="7">0</subfield>
    <subfield code="8">CGBL</subfield>
    <subfield code="a">NALT</subfield>
    <subfield code="b">NALT</subfield>
    <subfield code="c">GEN</subfield>
    <subfield code="d">2025-06-23</subfield>
    <subfield code="l">0</subfield>
    <subfield code="o">H 97 &#xE19;169&#xE01; 2568</subfield>
    <subfield code="p">3961215461</subfield>
    <subfield code="r">2025-06-23 00:00:00</subfield>
    <subfield code="w">2025-06-23</subfield>
    <subfield code="y">GB</subfield>
  </datafield>
</record>
